Central Library OPAC University of Rajshahi

উপমহাদেশের হাজার বছরের স্রোতধারায় উল্লাপাড়ার ইতিহাস / (Record no. 82554)

MARC details
000 -LEADER
fixed length control field 00862nam a2200229 a 4500
001 - CONTROL NUMBER
control field 82554
003 - CONTROL NUMBER IDENTIFIER
rucl marc code BD-RjUL
005 - DATE AND TIME OF LATEST TRANSACTION
control field 20231227120835.0
008 - FIXED-LENGTH DATA ELEMENTS--GENERAL INFORMATION
fixed length control field 231227s2023 bg ||||| |||| 00| 0 ben d
020 ## - INTERNATIONAL STANDARD BOOK NUMBER
International Standard Book Number 9789843540751
035 ## - SYSTEM CONTROL NUMBER
System control number (BD-RjUL)82554
040 ## - CATALOGING SOURCE
Original cataloging agency BD-RjUL
Language of cataloging eng
Transcribing agency BD-RjUL
041 ## - LANGUAGE CODE
Language code of text/sound track or separate title ben
082 ## - DEWEY DECIMAL CLASSIFICATION NUMBER
Edition number 23
Classification number 954.924
Author mark and year ALU 2023
100 ## - MAIN ENTRY--PERSONAL NAME
Personal name আলম, ফিরোজ
9 (RLIN) 10735
245 ## - TITLE STATEMENT
Title উপমহাদেশের হাজার বছরের স্রোতধারায় উল্লাপাড়ার ইতিহাস /
Statement of responsibility, etc. ফিরোজ আলম
260 ## - PUBLICATION, DISTRIBUTION, ETC. (IMPRINT)
Place of publication, distribution, etc. ঢাকা :
Name of publisher, distributor, etc. আরিন প্রকাশনী
Date of publication, distribution, etc. ২০২৩
300 ## - PHYSICAL DESCRIPTION
Pagination ৪৩২ পৃ.;
Size ২২ সেমি.
650 ## - SUBJECT ADDED ENTRY--TOPICAL TERM
Topical term or geographic name as entry element উল্লাপাড়া
General subdivision ইতিহাস
9 (RLIN) 10736
Topical term or geographic name as entry element Ullapara
General subdivision History
9 (RLIN) 10737
942 ## - ADDED ENTRY ELEMENTS (KOHA)
Source of classification or shelving scheme Dewey Decimal Classification
Koha item type Books
Holdings
Lost status Source of classification or shelving scheme Damaged status Not for loan Collection code Permanent Location Current Location Shelving location Date acquired Source of acquisition Cost, normal purchase price Total Checkouts Full call number Date last seen Copy number Koha item type Date checked out
  Dewey Decimal Classification   Not For Loan Non-fiction Central Library, University of Rajshahi Central Library, University of Rajshahi Reading Room 14/12/2023 Author 850.00   B 954.924 ALU 2023 27/12/2023 C-1 Books  
  Dewey Decimal Classification     Non-fiction Central Library, University of Rajshahi Central Library, University of Rajshahi General Stacks 14/12/2023 Author 850.00 1 B 954.924 ALU 2023 02/12/2025 C-2 Books 13/11/2025